Civil procedure : cases and materials (Record no. 4676)
[ view plain ]
| 000 -LEADER | |
|---|---|
| fixed length control field | 01640nam a22002297a 4500 |
| 020 ## - INTERNATIONAL STANDARD BOOK NUMBER | |
| ISBN | 0314152318 |
| 020 ## - INTERNATIONAL STANDARD BOOK NUMBER | |
| ISBN | 9780314152312 |
| 022 ## - INTERNATIONAL STANDARD SERIAL NUMBER | |
| ISSN | 9780314152305 |
| 050 ## - CALL NUMBER | |
| Classification number | KF8839 |
| Item number | .C49 |
| 100 ## - AUTHOR | |
| Personal name | Friedenthal, Jack H |
| 245 ## - TITLE | |
| Title | Civil procedure : cases and materials |
| Statement of responsibility, etc | Jack H. Friedenthal, Arthur R. Miller, John E. Sexton, Helen Hershkoff. |
| 250 ## - EDITION | |
| Edition statement | 9th ed |
| 260 ## - PUBLICATION INFORMATION | |
| Place of publication | St. Paul, MN : |
| Name of publisher | Thomson/West, |
| Year of publication | ©2005 |
| 300 ## - DESCRIPTION | |
| Number of Pages | xlix, 1274 pages ; |
| Dimensions | 27 cm + teacher's manual. |
| 440 ## - SERIES | |
| SERIES | American casebook series. |
| 500 ## - NOTES | |
| General note | <br/>Includes index.<br/>Accompanied by: Revised teacher's manual (cclxxiii, 277 p.), c2005.<br/><br/><br/> |
| 505 ## - FORMATTED CONTENTS NOTE | |
| Table of Content | 1. A survey of the civil action --<br/>2. Jurisdiction over the parties or their property --<br/>3. Providing notice and an opportunity to be heard --<br/>4. Jurisdiction over the subject matter of the action : the court's competency --<br/>5. Venue, transfer, and forum non conveniens --<br/>6. Ascertaining the applicable law --<br/>7. The development of modern procedure --<br/>8. Modern pleading --<br/>9. Joinder of claims and parties : expanding the scope of the civil action --<br/>10. Class actions --<br/>11. Pretrial devices for obtaining information : depositions and discovery --<br/>12. Case management --<br/>13. Adjudication without trial or by special proceeding --<br/>14. Trial --<br/>15. Securing and enforcing judgments --<br/>16. Appellate review --<br/>17. The binding effect of prior decisions : res judicata and collateral estoppel --<br/>18. Alternative dispute resolution. |
| 650 ## - SUBJECTS | |
| Topical Term | Civil procedure -- United States. |
| 650 ## - SUBJECTS | |
| Topical Term | Civil procedure. |
| 650 ## - SUBJECTS | |
| Topical Term | United States. |
| 942 ## - ADDED ENTRY ELEMENTS (KOHA) | |
| Koha item type | Books |
| Withdrawn status | Lost status | Collection code | Home library | Current library | Shelving location | Date acquired | Full call number | Accession Number | Koha item type |
|---|---|---|---|---|---|---|---|---|---|
| Reference | Methodist University Law Library | Methodist University Law Library | General Stacks | KF8839 .C49 | 2431 | Reference |